| 000 | 00661cam a2200217 a 4500 | ||
|---|---|---|---|
| 001 | 000008865 | ||
| 005 | 20240305132925.0 | ||
| 008 | 890327s1988 cu 001 0 spa | ||
| 040 |
_aDO-SdBNP _bspa _cLC _dBNPHU |
||
| 082 |
_aCu861.44 _bF363s |
||
| 100 | 1 |
_aFernández, Pablo Armando, _d1930- _923418 |
|
| 245 | 1 | 3 |
_aEl sueño, la razon (1948-1983) / _cPablo Armando Fernández. |
| 260 |
_aLa Habana : _bUnión, _c1988. |
||
| 300 |
_a433 p. ; _c18 cm. |
||
| 490 | 1 | _aBolsilibros Unión | |
| 650 | 4 |
_aPoesía cubana _95226 |
|
| 650 | 4 |
_aLiteratura cubana _91483 |
|
| 830 | 0 |
_aBolsilibros Unión _917281 |
|
| 910 | _aCatalogación por copia / LC | ||
| 049 | _aBNGR | ||
| 999 |
_c8634 _d8634 |
||